Pueblo indian textiles (Record no. 10205)
[ view plain ]
| 000 -CABECERA | |
|---|---|
| campo de control de longitud fija | 01249nam a2200325 a 4500 |
| 001 - NÚMERO DE CONTROL | |
| campo de control | BRL_1394 |
| 005 - FECHA Y HORA DE LA ÚLTIMA TRANSACCIÓN | |
| campo de control | 20190320211201.0 |
| 008 - DATOS DE LONGITUD FIJA--INFORMACIÓN GENERAL | |
| campo de control de longitud fija | 100114s1983----u--ao#####---#000-0#eng-# |
| 020 ## - NÚMERO INTERNACIONAL ESTÁNDAR DEL LIBRO | |
| Número Internacional Estándar del Libro | 093345208X |
| 041 ## - CÓDIGO DE LENGUA | |
| Código de lengua del texto/banda sonora o título independiente | eng |
| 044 ## - CÓDIGO DEL PAÍS DE LA ENTIDAD EDITORA/PRODUCTORA | |
| Código MARC del país | u |
| 050 #4 - SIGNATURA TOPOGRÁFICA DE LA BIBLIOTECA DEL CONGRESO | |
| Número de clasificación | E99.P9 |
| Número de documento/Ítem | .K46 1983 |
| 100 1# - ENTRADA PRINCIPAL--NOMBRE DE PERSONA | |
| Nombre de persona | Kent, Kate Peck |
| 9 (RLIN) | 26756 |
| 245 10 - MENCIÓN DE TÍTULO | |
| Título | Pueblo indian textiles |
| Resto del título | a living tradition |
| Mención de responsabilidad, etc. | Kate Peck Kent ; photographer Deborah Flynn ; illustrator Arminta Neal. |
| 260 ## - PUBLICACIÓN, DISTRIBUCIÓN, ETC. | |
| Lugar de publicación, distribución, etc. | Santa Fe, New Mexico |
| Nombre del editor, distribuidor, etc. | School of American Research |
| Fecha de publicación, distribución, etc. | 1983 |
| 300 ## - DESCRIPCIÓN FÍSICA | |
| Extensión | xiv, 118 p. |
| Otras características físicas | il., fotografías, mapas |
| Dimensiones | 26 cm. |
| 440 #0 - MENCIÓN DE SERIE/PUNTO DE ACCESO ADICIONAL--TÍTULO | |
| Título | Studies in American Indian art |
| 9 (RLIN) | 26757 |
| 500 ## - NOTA GENERAL | |
| Nota general | Au1649 |
| 500 ## - NOTA GENERAL | |
| Nota general | Incluye índice |
| 500 ## - NOTA GENERAL | |
| Nota general | With a catalogue of the School of American Research collection. |
| 504 ## - NOTA DE BIBLIOGRAFÍA, ETC. | |
| Nota de bibliografía, etc. | Bibliografía: p. 109-113. |
| 610 24 - PUNTO DE ACCESO ADICIONAL DE MATERIA--NOMBRE DE ENTIDAD CORPORATIVA | |
| Nombre de entidad corporativa o nombre de jurisdicción como elemento de entrada | School of American Research (Santa Fe, New Mexico) |
| Subdivisión de forma | Catálogos |
| 9 (RLIN) | 26758 |
| 650 14 - PUNTO DE ACCESO ADICIONAL DE MATERIA--TÉRMINO DE MATERIA | |
| Término de materia o nombre geográfico como elemento de entrada | Pueblos indígenas |
| Subdivisión de forma | Catálogos |
| Subdivisión general | Industria textil |
| 9 (RLIN) | 26759 |
| 650 14 - PUNTO DE ACCESO ADICIONAL DE MATERIA--TÉRMINO DE MATERIA | |
| Término de materia o nombre geográfico como elemento de entrada | Indígenas del Norte de América |
| Subdivisión de forma | Catálogos |
| Subdivisión general | Industria textil |
| 9 (RLIN) | 26760 |
| 650 14 - PUNTO DE ACCESO ADICIONAL DE MATERIA--TÉRMINO DE MATERIA | |
| Término de materia o nombre geográfico como elemento de entrada | Indistría textil índigena |
| Subdivisión de forma | Catálogos |
| Subdivisión geográfica | América del Norte |
| 9 (RLIN) | 26761 |
| 700 1# - PUNTO DE ACCESO ADICIONAL--NOMBRE DE PERSONA | |
| Nombre de persona | Flynn, Deborah |
| Término indicativo de función/relación | il. |
| 9 (RLIN) | 26762 |
| 700 1# - PUNTO DE ACCESO ADICIONAL--NOMBRE DE PERSONA | |
| Nombre de persona | Neal, Arminta |
| Término indicativo de función/relación | il. |
| 9 (RLIN) | 26763 |
| 902 ## - CATALOGADOR | |
| Iniciales | GRL |
| 942 ## - ELEMENTOS DE PUNTO DE ACCESO ADICIONAL (KOHA) | |
| Fuente del sistema de clasificación o colocación | Library of Congress Classification |
| Tipo de ítem Koha | Libros |
| Estado de retiro | Estado de pérdida | Estado dañado | No para préstamo | Localización permanente | Ubicación/localización actual | Fecha de adquisición | Número de inventario | Total de préstamos | Signatura topográfica completa | Código de barras | Fecha visto por última vez | Precio válido a partir de | Tipo de ítem Koha |
|---|---|---|---|---|---|---|---|---|---|---|---|---|---|
| El ejemplar forma parte de la colección y puede ser consultado según las políticas vigentes. | Biblioteca Centro de Estudios Ruth D. Lechuga | Biblioteca Centro de Estudios Ruth D. Lechuga | 10/01/2014 | Au1649 | E99.P9 .K46 1983 (Au1649) | GRL01552 | 22/03/2019 | 22/03/2019 | Libros |